L'origine astronomique de la croyance pythagoricienne en l'immortalité céleste des âmes /
Main Author:
Format: Book
Language: French
Published:
Le Caire :
l'Institut français d'archéologie orientale,
1933.
Series:
Recherches d'Archeologie de Philologie et d'Histoire ;
6.
RAPH ;
6.
Subjects:
Tags: Add Tag
Call Number: DT57 .C14 v.6
| LEADER | 00977namaa2200277 4500 | ||
|---|---|---|---|
| 001 | 19008 | ||
| 003 | OSt | ||
| 005 | 20260331145027.0 | ||
| 008 | 130303s1933 ua b 000 0 fre d | ||
| 040 | |c ARCE Library | ||
| 050 | 4 | |a DT57 .C14 v.6 | |
| 100 | 1 | |a Rougier, Louis, |d 1889-1982, |e author |9 38725 | |
| 245 | 1 | 2 | |a L'origine astronomique de la croyance pythagoricienne en l'immortalité céleste des âmes / |c Louis Rougier. |
| 264 | 1 | |a Le Caire : |b l'Institut français d'archéologie orientale, |c 1933. | |
| 300 | |a viii, 144 pages ; |c 25 cm. | ||
| 490 | 1 | |a Recherches d'Archeologie de Philologie et d'Histoire ; |v 6. | |
| 490 | 1 | |a RAPH ; |v 6. | |
| 504 | |a Includes bibliographical references. | ||
| 650 | 0 | |a Immortality. | |
| 650 | 0 | |a Pythagoras and Pythagorean school. |9 9007 | |
| 650 | 0 | |a Astronomy, Ancient. | |
| 830 | 0 | |a Recherches d'Archeologie de Philologie et d'Histoire ; |v 6. | |
| 830 | 0 | |a RAPH ; |v 6. | |
| 901 | |a reviewed | ||
| 942 | |c BK |2 lcc | ||
| 999 | |c 16036 |d 16036 | ||
